[Event "TUR-chT2"]
[Site "Konya"]
[Date "2018.07.11"]
[Round "3.15"]
[White "Akbas, Umut Ata"]
[Black "Sekerci, Ali Riza"]
[Result "1-0"]
[WhiteElo "1469"]
[BlackElo "1299"]
[PlyCount "47"]
[EventDate "2018.07.10"]
[EventType "team-swiss"]
[EventRounds "9"]
[EventCountry "TUR"]
[SourceTitle "EXT 2019"]
[Source "ChessBase"]
[SourceDate "2018.10.10"]
[SourceVersion "1"]
[SourceVersionDate "2018.10.10"]
[SourceQuality "1"]
[WhiteTeam "Samsun Genclik"]
[BlackTeam "Erdem Kultur Egitim"]
[WhiteTeamCountry "TUR"]
[BlackTeamCountry "TUR"]

1. d4 Nf6 2. Nf3 e6 3. Bf4 d5 4. e3 c5 5. c3 Nc6 6. Bd3 cxd4 7. exd4 Bd6 8. Bg3 0-0 9. Nbd2 Re8 10. Ne5 Qc7 11. Ndf3 h6 12. 0-0 Nh5 13. Nxf7 Nxg3 14. Nxd6 Nxf1 15. Nxe8 Qe7 16. Qxf1 Qxe8 17. Re1 Bd7 18. Bc2 Na5 19. Qd3 g6 20. Ne5 Bc8 21. Nxg6 Nc6 22. Re3 Ne7 23. Nxe7+ Qxe7 24. Qg6+ 1-0

[Event "TUR-chT2"]
[Site "Konya"]
[Date "2018.07.10"]
[Round "1.11"]
[White "Bahadir, Melih"]
[Black "Sekerci, Ali Riza"]
[Result "1-0"]
[WhiteElo "1602"]
[BlackElo "1299"]
[PlyCount "57"]
[EventDate "2018.07.10"]
[EventType "team-swiss"]
[EventRounds "9"]
[EventCountry "TUR"]
[SourceTitle "EXT 2019"]
[Source "ChessBase"]
[SourceDate "2018.10.10"]
[SourceVersion "1"]
[SourceVersionDate "2018.10.10"]
[SourceQuality "1"]
[WhiteTeam "Duzce Duzcespor"]
[BlackTeam "Erdem Kultur Egitim"]
[WhiteTeamCountry "TUR"]
[BlackTeamCountry "TUR"]

1. d4 Nf6 2. c4 e6 3. Nc3 d5 4. cxd5 Nxd5 5. e4 Nxc3 6. bxc3 b6 7. Nf3 Bb7 8. Bd3 Ba6 9. Bxa6 Nxa6 10. Qa4+ Qd7 11. Qxa6 Qc6 12. Qd3 f6 13. 0-0 g5 14. d5 Qd6 15. Qb5+ Kf7 16. dxe6+ Qxe6 17. Bxg5 Bd6 18. Bh4 Qxe4 19. Qb3+ Kf8 20. Rae1 Qg4 21. Re6 Be7 22. Bxf6 Bxf6 23. Rxf6+ Ke7 24. Qf7+ Kd8 25. Qd5+ Ke7 26. Rf7+ Ke8 27. Re1+ Qe6 28. Qxe6+ Kd8 29. Qd7# 1-0